Algebra for College Students / (Record no. 10460)
[ view plain ]
| 000 -LEADER | |
|---|---|
| fixed length control field | 00388pam a2200145 a 4500 |
| 020 ## - INTERNATIONAL STANDARD BOOK NUMBER | |
| International Standard Book Number | 0534915809 |
| 050 00 - LIBRARY OF CONGRESS CALL NUMBER | |
| Classification number | QA154.2 |
| Item number | .K36 1989 |
| 100 1# - MAIN ENTRY--PERSONAL NAME | |
| Personal name | Kaufmann, Jerome E. |
| 245 10 - TITLE STATEMENT | |
| Title | Algebra for college students / |
| Statement of responsibility, etc. | Jerome E. Kaufmann. |
| 250 ## - EDITION STATEMENT | |
| Edition statement | 3rd ed. |
| 260 ## - PUBLICATION, DISTRIBUTION, ETC. (IMPRINT) | |
| Place of publication, distribution, etc. | Boston : |
| Name of publisher, distributor, etc. | PWS-KENT Pub. Co., |
| Date of publication, distribution, etc. | c1989. |
| 300 ## - PHYSICAL DESCRIPTION | |
| Extent | xv, 673, 56 p. : |
| 500 ## - GENERAL NOTE | |
| General note | Includes index. |
| 942 ## - ADDED ENTRY ELEMENTS (KOHA) | |
| Source of classification or shelving scheme | Library of Congress Classification |
| Koha item type | General circulation |
| Withdrawn status | Lost status | Source of classification or shelving scheme | Damaged status | Not for loan | Home library | Current library | Shelving location | Date acquired | Source of acquisition | Total Checkouts | Full call number | Barcode | Date last seen | Price effective from | Koha item type |
|---|---|---|---|---|---|---|---|---|---|---|---|---|---|---|---|
| Library of Congress Classification | Kitui Town Campus Library | Kitui Town Campus Library | General Stacks | 05/02/2016 | Donation - Books For Africa | QA 154.2 .K36 1989 | 2016/013105 | 05/02/2016 | 05/02/2016 | General circulation |